Understanding statistics
Saved in:
| Main Author: | |
|---|---|
| Format: | Book |
| Language: | English |
| Published: |
Belmont, Calif. :
Duxbury Press,
c1972
|
| Subjects: | |
| Tags: |
Add Tag
No Tags, Be the first to tag this record!
|
MARC
| LEADER | 00000cam a2200000 i 4500 | ||
|---|---|---|---|
| 001 | 1/19951 | ||
| 008 | 120529s1972 eng d | ||
| 020 | |a 0-87872-013-8 | ||
| 035 | |l 10112615 | ||
| 040 | |a GR-MY-UA |b gre |e aacr | ||
| 041 | 0 | |a eng | |
| 082 | 0 | |a 001.422 |2 (22) | |
| 100 | 1 | |a Mendenhall, William. | |
| 245 | 1 | 0 | |a Understanding statistics / |c William Mendenhall , Lyman Ott |
| 260 | |a Belmont, Calif. : |b Duxbury Press, |c c1972 | ||
| 300 | |a viii, 310 σ.; |b εικ.; |c 25 εκ. | ||
| 504 | |a Περιέχει ευρετήριο | ||
| 650 | 0 | 0 | |a Statistics. |
| 852 | |a INST |b SAMOS |e 20120529 |h 001.422 MEN |p 005300033760 |q 005300033760 |t BK |y 0 | ||
| 901 | |a BIBL3-2012-2 | ||
| 909 | |a Σ |b 172300 | ||
| 970 | |a ΚΟΣΙΕΡΗΣ |b ΧΡΗΣΤΟΣ |z 2012/05/29 | ||